[Event "Aeroflot Open 2012 B"]
[Site "Moscow, Russia"]
[Date "2012.02.12"]
[Round "6"]
[White "Pasiev, Rakhim"]
[Black "Gomez, John Paul"]
[Result "1/2-1/2"]
[WhiteElo "2312"]
[BlackElo "2506"]
[PlyCount "56"]
[EventDate "2012.??.??"]

1. e4 c5 2. Nf3 g6 3. d4 cxd4 4. Nxd4 Nc6 5. c4 Nf6 6. Nc3 d6 7. Be2 Nxd4 8.
Qxd4 Bg7 9. Be3 O-O 10. Qd2 a5 11. O-O a4 12. Rac1 Qa5 13. Rfd1 Be6 14. f3 Rfc8
15. Nd5 Qxd2 16. Bxd2 Nxd5 17. cxd5 Bd7 18. Bc3 Bxc3 19. Rxc3 Rxc3 20. bxc3 b5
21. Kf2 Rc8 22. Rc1 f5 23. Ke3 Kf7 24. Kd4 e5+ 25. Ke3 Ke7 26. Kd2 Rf8 27. Ke3
Rc8 28. Kd2 Rf8 1/2-1/2

[Event "Aeroflot Open 2012 B"]
[Site "Moscow, Russia"]
[Date "2012.02.12"]
[Round "6"]
[White "Byambaa, Zulzaga"]
[Black "Iljiushenok, Ilia"]
[Result "1-0"]
[WhiteElo "2279"]
[BlackElo "2422"]
[PlyCount "73"]
[EventDate "2012.??.??"]

1. e4 c5 2. Nf3 e6 3. d4 cxd4 4. Nxd4 Nc6 5. Nb5 d6 6. Bf4 e5 7. Be3 Nf6 8. Nd2
a6 9. Nc3 Ng4 10. Nc4 Nxe3 11. Nxe3 Be7 12. Be2 O-O 13. Ncd5 Bg5 14. Nc4 Be6
15. Ncb6 Rb8 16. c3 g6 17. g3 f5 18. h4 Bh6 19. h5 Kg7 20. hxg6 hxg6 21. Bf3
Rf7 22. Qe2 Qg5 23. Nc4 Rd8 24. exf5 Bxf5 25. Qe3 e4 26. Qxg5 Bxg5 27. Be2 Be6
28. Rd1 Ne7 29. Nc7 Bc8 30. Nxd6 Rff8 31. Nxc8 Rxd1+ 32. Bxd1 Rxc8 33. Ne6+ Kf6
34. Nxg5 Kxg5 35. Rh4 e3 36. fxe3 Nf5 37. Bg4 1-0

[Event "Aeroflot Open 2012 B"]
[Site "Moscow, Russia"]
[Date "2012.02.12"]
[Round "6"]
[White "Korchmar, Vasiliy"]
[Black "Arabidze, Meri"]
[Result "0-1"]
[WhiteElo "2263"]
[BlackElo "2358"]
[PlyCount "76"]
[EventDate "2012.??.??"]

1. e4 c6 2. d4 d5 3. Nc3 dxe4 4. Nxe4 Bf5 5. Ng3 Bg6 6. h4 h6 7. Nf3 Nd7 8. h5
Bh7 9. Bd3 Bxd3 10. Qxd3 e6 11. Bd2 Ngf6 12. O-O-O Be7 13. Qe2 O-O 14. Ne5 c5
15. Nxd7 Qxd7 16. dxc5 Qa4 17. Kb1 Bxc5 18. Bc3 Be7 19. Nf1 Rac8 20. Be5 Rc6
21. Ne3 Rfc8 22. c4 Ra6 23. b3 Qa3 24. Qb2 Qc5 25. Rd3 b5 26. Rc1 Nxh5 27. Rdd1
b4 28. Ng4 f6 29. Rh1 Nf4 30. Bxf4 Qf5+ 31. Qc2 Qxg4 32. Be3 f5 33. f3 Qg3 34.
Bd4 Rd8 35. Qb2 Rxd4 36. Qxd4 Bf6 37. Qd7 Qe5 38. Qe8+ Kh7 0-1

[Event "Aeroflot Open 2012 B"]
[Site "Moscow, Russia"]
[Date "2012.02.12"]
[Round "6"]
[White "Inants, Aghasi"]
[Black "Shevelev, Arkady"]
[Result "0-1"]
[WhiteElo "2347"]
[BlackElo "2317"]
[PlyCount "92"]
[EventDate "2012.??.??"]

1. e4 c6 2. d4 d5 3. e5 Bf5 4. Nf3 e6 5. Be2 Nd7 6. O-O Ne7 7. Nbd2 Nc8 8. a4
Be7 9. Ne1 O-O 10. g4 Bg6 11. f4 f5 12. exf6 Bxf6 13. Nef3 Nd6 14. Bd3 Bxd3 15.
cxd3 Qc7 16. Nb3 Rae8 17. Be3 a5 18. Rc1 Nf7 19. Kh1 Be7 20. Ne5 Bb4 21. Bd2
Ndxe5 22. Bxb4 axb4 23. dxe5 g5 24. d4 gxf4 25. g5 Nh8 26. h4 Qf7 27. Nc5 f3
28. Rc2 b6 29. Nd3 Qf5 30. Nxb4 Qe4 31. Qd3 Rf4 32. Qxe4 dxe4 33. Kh2 Ref8 34.
Kg3 e3 35. Nd3 Rxd4 36. Rxf3 Rxd3 37. Rxf8+ Kxf8 38. Rxc6 Ng6 39. Rc2 Nxe5 40.
Kf4 Nd7 41. h5 Ke7 42. b4 Rd2 43. Rc3 e2 44. Re3 Rd4+ 45. Kf3 Rxb4 46. Rxe2
Rxa4 0-1

[Event "Aeroflot Open 2012 B"]
[Site "Moscow, Russia"]
[Date "2012.02.12"]
[Round "6"]
[White "Pratyusha, Bodda"]
[Black "Szabo, Bence"]
[Result "0-1"]
[WhiteElo "2142"]
[BlackElo "2330"]
[PlyCount "88"]
[EventDate "2012.??.??"]

1. e4 c5 2. Nf3 d6 3. d4 cxd4 4. Nxd4 Nf6 5. Nc3 a6 6. Be3 e5 7. Nb3 Be6 8. f3
Nbd7 9. Qd2 b5 10. O-O-O Nb6 11. Qf2 Nfd7 12. f4 Rc8 13. Kb1 Be7 14. Rg1 b4 15.
Nd5 Nxd5 16. exd5 Bf5 17. Bd3 Bxd3 18. Rxd3 a5 19. g4 a4 20. Nc1 Qa5 21. g5 a3
22. b3 Qc7 23. Rg2 f5 24. Qe1 Qb7 25. h4 O-O 26. Rd1 Rb8 27. Re2 Rfc8 28. fxe5
dxe5 29. Bd4 Bd6 30. Rf2 Rf8 31. Ba1 Rbe8 32. Qf1 f4 33. Qc4 e4 34. Qc6 Qc7 35.
Ne2 f3 36. Ng1 Rc8 37. Qxc7 Rxc7 38. Bd4 Bg3 39. Rff1 Bxh4 40. Nh3 Bg3 41. Be3
Rc3 42. Bd4 e3 43. Bxc3 bxc3 44. Ng1 e2 0-1

[Event "Aeroflot Open 2012 B"]
[Site "Moscow, Russia"]
[Date "2012.02.12"]
[Round "6"]
[White "Tsydypov, Zhamsaran"]
[Black "Chubar, Vladimir"]
[Result "1-0"]
[WhiteElo "2321"]
[BlackElo "2078"]
[PlyCount "109"]
[EventDate "2012.??.??"]

1. e4 e6 2. d4 d5 3. Nc3 Bb4 4. Nge2 dxe4 5. a3 Be7 6. Nxe4 Nf6 7. Nxf6+ Bxf6
8. g3 Bd7 9. Be3 Bc6 10. Rg1 e5 11. Qd2 O-O 12. O-O-O exd4 13. Nxd4 Qd5 14. Kb1
Qe5 15. f4 Qe7 16. Nf5 Qd7 17. Bd3 Bb5 18. g4 Bxd3 19. Qxd3 Qxd3 20. Rxd3 Nc6
21. g5 Bd8 22. Bc5 Re8 23. Rgd1 b6 24. Re3 Rxe3 25. Bxe3 Kf8 26. Rd3 Ne7 27.
Ng3 Rc8 28. Bd2 a5 29. Bc3 Ng6 30. Nh5 f6 31. gxf6 Bxf6 32. Nxf6 gxf6 33. Bxf6
Nxf4 34. Rd7 h5 35. Rh7 Re8 36. Rxc7 Nd5 37. Rc6 Re1+ 38. Ka2 Re2 39. h4 Kf7
40. Bg5 b5 41. Rc5 Re5 42. b3 b4 43. Kb2 bxa3+ 44. Kxa3 Ke6 45. c4 Nc3 46.
Rxe5+ Kxe5 47. Bd8 a4 48. Kb4 Ne4 49. Kxa4 Kd4 50. Kb4 Nd2 51. Bf6+ Ke4 52. Kc3
Nf1 53. b4 Ne3 54. b5 Kf5 55. b6 1-0

[Event "Aeroflot Open 2012 B"]
[Site "Moscow, Russia"]
[Date "2012.02.12"]
[Round "6"]
[White "Gagarin, Vasilij"]
[Black "Goriatchkin, Jouri"]
[Result "1/2-1/2"]
[WhiteElo "2417"]
[BlackElo "2311"]
[PlyCount "62"]
[EventDate "2012.??.??"]

1. d4 d5 2. c4 c6 3. Nf3 e6 4. e3 Bd6 5. b3 Qe7 6. Bb2 f5 7. Bd3 Nf6 8. O-O
Nbd7 9. Qc1 b6 10. Ba3 c5 11. Nc3 O-O 12. cxd5 Nxd5 13. Nxd5 exd5 14. Qc2 g6
15. Bb5 Nf6 16. dxc5 bxc5 17. Rac1 Ne4 18. Bc6 Bb7 19. Bxb7 Qxb7 20. g3 Rac8
21. Bb2 Rfd8 22. Nd2 Bf8 23. Rfd1 Bg7 24. Bxg7 Qxg7 25. Nxe4 fxe4 26. Qc3 Qxc3
27. Rxc3 Rc6 28. Rdc1 Rdc8 29. Rd1 Rd8 30. Rdc1 Rdc8 31. Rd1 Rd8 1/2-1/2

[Event "Aeroflot Open 2012 B"]
[Site "Moscow, Russia"]
[Date "2012.02.12"]
[Round "6"]
[White "Palacios, Antonio"]
[Black "Kerigan, Demre"]
[Result "1/2-1/2"]
[WhiteElo "2320"]
[BlackElo "2184"]
[PlyCount "77"]
[EventDate "2012.??.??"]

1. Nf3 g6 2. g3 Bg7 3. Bg2 Nf6 4. O-O d6 5. c4 O-O 6. Nc3 e5 7. d3 c6 8. Rb1
Re8 9. Nd2 a5 10. a3 d5 11. b4 axb4 12. axb4 Be6 13. Qc2 Nbd7 14. b5 Qc7 15.
Bb2 Bh6 16. e3 dxc4 17. Nxc4 Nd5 18. Ba3 Nxe3 19. Nxe3 Rxa3 20. bxc6 bxc6 21.
Nb5 Qa5 22. Nxa3 Qxa3 23. Nc4 Qc5 24. Qa4 Bd5 25. Bxd5 Qxd5 26. Qa7 Bf8 27. Ne3
Qe6 28. Rfc1 f5 29. Rb7 Rd8 30. Rc7 f4 31. Ng2 Qd5 32. Qa6 Nc5 33. Qxc6 Qxd3
34. Rxc5 Qd1+ 35. Ne1 Qxe1+ 36. Kg2 Rd6 37. Qf3 Rd1 38. Kh3 Qf1+ 39. Kg4
1/2-1/2

[Event "Aeroflot Open 2012 B"]
[Site "Moscow, Russia"]
[Date "2012.02.12"]
[Round "6"]
[White "Zhelesny, Stanislav"]
[Black "Severina, Maria"]
[Result "0-1"]
[WhiteElo "2161"]
[BlackElo "2185"]
[PlyCount "76"]
[EventDate "2012.??.??"]

1. Nf3 c5 2. g3 Nc6 3. d4 cxd4 4. Nxd4 g6 5. Bg2 Bg7 6. c3 Nf6 7. O-O O-O 8.
Nd2 Qc7 9. N2f3 d6 10. Nb5 Qb6 11. a4 Bd7 12. Be3 Qd8 13. Nbd4 Na5 14. Bc1 a6
15. b4 Nc4 16. Nd2 Nxd2 17. Bxd2 Qc7 18. Rc1 e5 19. Nf3 d5 20. Qb3 Rac8 21. Ne1
Ne4 22. Qxd5 Nxd2 23. Qxd2 Bxa4 24. c4 Qe7 25. Bd5 Kh8 26. e4 f5 27. f3 fxe4
28. fxe4 Rxf1+ 29. Kxf1 Qf8+ 30. Kg1 Bh6 31. Qc3 Bxc1 32. Qxc1 Qf6 33. Nd3 Rf8
34. Qa1 Bc2 35. Nxe5 Kg7 36. Kg2 Bd3 37. Kh1 Re8 38. Qd1 Bc2 0-1

[Event "Aeroflot Open 2012 B"]
[Site "Moscow"]
[Date "2012.02.13"]
[Round "7"]
[White "Can, Emre"]
[Black "Oparin, Grigoriy"]
[Result "1/2-1/2"]
[WhiteElo "2462"]
[BlackElo "2466"]
[PlyCount "66"]
[EventDate "2012.02.07"]
[EventType "swiss"]

1. d4 d5 2. Nf3 Nf6 3. c4 e6 4. Nc3 Be7 5. Bg5 h6 6. Bh4 O-O 7. e3 b6 8. Bd3
Bb7 9. O-O Nbd7 10. Qe2 c5 11. Rfd1 Ne4 12. Bxe7 Qxe7 13. cxd5 Nxc3 14. bxc3
Bxd5 15. e4 Bb7 16. a4 Rfd8 17. a5 bxa5 18. Rxa5 cxd4 19. cxd4 Nb8 20. Rda1 Nc6
21. R5a4 a5 22. h3 Qc7 23. Rc1 Qb6 24. Qe3 Nb4 25. Bb1 Rac8 26. Rd1 Rc7 27. Qa3
Ra8 28. Qe3 Rd8 29. Qa3 Rdc8 30. Rxa5 Rc3 31. Qa4 Rc1 32. Rc5 R1xc5 33. dxc5
Qxc5 1/2-1/2

[Event "Aeroflot Open 2012 B"]
[Site "Moscow"]
[Date "2012.02.13"]
[Round "7"]
[White "Shyam, Nikil P"]
[Black "Shimanov, Aleksandr"]
[Result "0-1"]
[WhiteElo "2482"]
[BlackElo "2549"]
[PlyCount "72"]
[EventDate "2012.02.07"]
[EventType "swiss"]

1. e4 c5 2. Nf3 e6 3. c3 d5 4. exd5 Qxd5 5. d4 Nf6 6. Be2 cxd4 7. cxd4 Nc6 8.
Nc3 Qd8 9. O-O Be7 10. Be3 O-O 11. Ne5 Nb4 12. Bf3 Nbd5 13. Rc1 Nxe3 14. fxe3
Rb8 15. Qb3 Nd7 16. Nd3 Qa5 17. a4 Qg5 18. Rce1 Qh6 19. e4 e5 20. Nd5 Bd6 21.
Qd1 Qg5 22. Bg4 exd4 23. Rf5 Qd8 24. e5 Be7 25. e6 Nf6 26. exf7+ Rxf7 27. Qb3
Bxf5 28. Nxe7+ Kf8 29. Nxf5 Nxg4 30. Nc5 Qa5 31. Qg3 Rc8 32. Ne6+ Kg8 33. Nd6
Rf2 34. Rd1 Rcc2 35. Nf4 Ne3 36. Qh3 Qe5 0-1

[Event "Aeroflot Open 2012 B"]
[Site "Moscow"]
[Date "2012.02.13"]
[Round "7"]
[White "Potapov, Pavel"]
[Black "Wen, Yang"]
[Result "1/2-1/2"]
[WhiteElo "2468"]
[BlackElo "2543"]
[PlyCount "56"]
[EventDate "2012.02.07"]
[EventType "swiss"]

1. e4 c5 2. c3 d5 3. exd5 Qxd5 4. d4 Nc6 5. Nf3 Bf5 6. Be3 cxd4 7. Nxd4 Nf6 8.
Na3 Nxd4 9. Qxd4 e5 10. Qxd5 Nxd5 11. Bb5+ Ke7 12. Bc5+ Kf6 13. Bxf8 Rhxf8 14.
O-O a6 15. Bc4 Nf4 16. Rfd1 Rfd8 17. f3 b5 18. Bf1 h5 19. g3 Ne6 20. Kf2 Nc5
21. b3 Rac8 22. Rxd8 Rxd8 23. Ke3 Rc8 24. Rd1 Be6 25. Nc2 Nd7 26. Kd2 Nc5 27.
Ke3 Nd7 28. Kd2 Nc5 1/2-1/2

[Event "Aeroflot Open 2012 B"]
[Site "Moscow"]
[Date "2012.02.13"]
[Round "7"]
[White "Vaibhav, Suri"]
[Black "Dobrov, Vladimir"]
[Result "0-1"]
[WhiteElo "2448"]
[BlackElo "2496"]
[PlyCount "164"]
[EventDate "2012.02.07"]
[EventType "swiss"]

1. e4 c5 2. Nf3 Nc6 3. d4 cxd4 4. Nxd4 Qb6 5. Nb3 Nf6 6. Nc3 e6 7. Qe2 d6 8. g4
a6 9. g5 Nd7 10. f4 Qc7 11. Be3 b5 12. O-O-O Nb6 13. Qf2 Rb8 14. Kb1 Be7 15. f5
Nc4 16. Bc1 N6e5 17. Nd4 Na3+ 18. bxa3 Qxc3 19. Rg1 Qc5 20. Rg3 Nc4 21. Rf3 e5
22. Ne2 Qxf2 23. Rxf2 Bd8 24. Rf3 Bb6 25. Nc3 Bd4 26. Nd5 Bb7 27. Rb3 Bxd5 28.
exd5 Kd7 29. f6 gxf6 30. Rf3 e4 31. Rf4 Be5 32. Rxe4 fxg5 33. Bxg5 Nxa3+ 34.
Kc1 Rhg8 35. Bh3+ Kc7 36. Rxe5 dxe5 37. Be7 Nc4 38. d6+ Kc6 39. d7 Kc7 40. c3
Rbd8 41. Rd3 Rg1+ 42. Kc2 e4 43. Bxd8+ Kxd8 44. Rg3 Rxg3 45. hxg3 f5 46. Kd1
Nd6 47. Ke2 Kxd7 48. Ke3 Ke6 49. Kf4 e3 50. Kxe3 Ke5 51. g4 Ne4 52. gxf5 Nxc3
53. a3 Nb1 54. a4 bxa4 55. Kd3 h5 56. Kc2 Na3+ 57. Kc3 Nb5+ 58. Kb4 a3 59. Kb3
Kf6 60. Ka2 Kg5 61. Kb3 h4 62. Ka2 Nd6 63. f6 Kxf6 64. Kxa3 Nf5 65. Kb4 Ke5 66.
Ka5 Kf4 67. Kxa6 Ne3 68. Kb5 Kg3 69. Bc8 Ng4 70. Kc4 h3 71. Kd3 h2 72. Bb7 Kf2
73. Bh1 Ne5+ 74. Kd2 Nf3+ 75. Kd1 Nh4 76. Kd2 Kf1 77. Kd1 Nf5 78. Kd2 Kg1 79.
Ke1 Nh4 80. Ke2 Ng2 81. Kf3 Kxh1 82. Kf2 Ne3 0-1

[Event "Aeroflot Open 2012 B"]
[Site "Moscow"]
[Date "2012.02.13"]
[Round "7"]
[White "Kalegin, Evgenij"]
[Black "Kotanjian, Tigran"]
[Result "1-0"]
[WhiteElo "2462"]
[BlackElo "2533"]
[PlyCount "119"]
[EventDate "2012.02.07"]
[EventType "swiss"]

1. e4 c5 2. Nf3 e6 3. Nc3 d6 4. g3 Nc6 5. Bg2 Nf6 6. d4 cxd4 7. Nxd4 Bd7 8. O-O
a6 9. Nxc6 Bxc6 10. a4 Be7 11. Qe2 O-O 12. Rd1 Qc7 13. Bf4 Nd7 14. Nb5 axb5 15.
axb5 Ne5 16. bxc6 Qxc6 17. c3 g6 18. Bh6 Rfb8 19. h4 b5 20. Bf1 Rxa1 21. Rxa1
Bf8 22. Bf4 b4 23. Ra6 Qc7 24. Bd2 b3 25. Be3 h5 26. Ra7 Qc6 27. Bd4 Bg7 28.
Ra6 Qc7 29. Ra7 Rb7 30. Rxb7 Qxb7 31. Bxe5 Bxe5 32. Qc4 Qa8 33. Qxb3 Qxe4 34.
Qc4 Qb1 35. Qe2 Qc1 36. Kh2 Bg7 37. Bg2 d5 38. Bf3 Bh6 39. Kg2 Qa1 40. Qc2 Bc1
41. b3 Ba3 42. Qd3 Bf8 43. Be2 Qe1 44. b4 Be7 45. Bf1 Kf8 46. Qe3 Qa1 47. b5
Qb2 48. c4 dxc4 49. Bxc4 Bd8 50. Qh6+ Ke8 51. Qe3 Kf8 52. Qh6+ Ke7 53. Qg5+ Ke8
54. Qc5 Qb1 55. b6 Qe4+ 56. Kh2 f5 57. Qc8 Qe1 58. Bb5+ Kf7 59. Qd7+ Be7 60.
Qe8+ 1-0

[Event "Aeroflot Open 2012 B"]
[Site "Moscow"]
[Date "2012.02.13"]
[Round "7"]
[White "Munguntuul, Batkhuyag"]
[Black "Iljushin, Alexei"]
[Result "1/2-1/2"]
[WhiteElo "2452"]
[BlackElo "2523"]
[PlyCount "41"]
[EventDate "2012.02.07"]
[EventType "swiss"]

1. e4 e5 2. Nf3 Nc6 3. Bc4 Bc5 4. c3 Nf6 5. d3 d6 6. Bb3 a6 7. O-O Ba7 8. Nbd2
O-O 9. h3 Ne7 10. Re1 Ng6 11. Nf1 h6 12. Ng3 Be6 13. d4 Qc8 14. Be3 Re8 15. Qd2
Bxb3 16. axb3 Kh7 17. b4 Ng8 18. Ra3 Bb6 19. Rea1 Qd7 20. Rd1 Rad8 21. dxe5
1/2-1/2

[Event "Aeroflot Open 2012 B"]
[Site "Moscow"]
[Date "2012.02.13"]
[Round "7"]
[White "Obolenskikh, Dmitry"]
[Black "Petrosian, Davit G"]
[Result "1-0"]
[WhiteElo "2510"]
[BlackElo "2476"]
[PlyCount "83"]
[EventDate "2012.02.07"]
[EventType "swiss"]

1. e4 e6 2. d4 d5 3. Nd2 Nf6 4. e5 Nfd7 5. Bd3 c5 6. c3 Nc6 7. Ne2 cxd4 8. cxd4
f6 9. exf6 Nxf6 10. Nf3 Bd6 11. Bf4 Bxf4 12. Nxf4 Qa5+ 13. Qd2 Qxd2+ 14. Kxd2
O-O 15. Ne2 Bd7 16. Rhf1 Nb4 17. Nc3 Ng4 18. Be2 Nc6 19. h3 Rxf3 20. gxf3 Nh6
21. Bb5 Rf8 22. Bxc6 bxc6 23. Ne2 Rxf3 24. Rac1 Rf7 25. Rc3 Nf5 26. Rb3 Nd6 27.
Rb8+ Be8 28. Rc1 Rf8 29. Ke1 g5 30. Rc3 Kg7 31. Ra3 Rf7 32. Rd8 Kf8 33. Ra8 Nb5
34. Ra5 Ke7 35. a4 Nd6 36. R5xa7+ Bd7 37. a5 e5 38. dxe5 Nb5 39. Rb7 d4 40. a6
d3 41. a7 dxe2 42. Re8+ 1-0

[Event "Aeroflot Open 2012 B"]
[Site "Moscow"]
[Date "2012.02.13"]
[Round "7"]
[White "Ovetchkin, Roman"]
[Black "Hayrapetyan, Hovik"]
[Result "0-1"]
[WhiteElo "2507"]
[BlackElo "2406"]
[PlyCount "80"]
[EventDate "2012.02.07"]
[EventType "swiss"]

1. e4 c5 2. Nf3 e6 3. d4 cxd4 4. Nxd4 a6 5. Bd3 Nf6 6. O-O Qc7 7. Nc3 Nc6 8.
Be3 b5 9. Nxc6 Qxc6 10. Bd4 b4 11. Bxf6 gxf6 12. Nd5 exd5 13. exd5 Qd6 14. Re1+
Kd8 15. c4 Qb6 16. Qh5 Bc5 17. Re2 Re8 18. Rxe8+ Kxe8 19. Re1+ Kd8 20. Re2 Kc7
21. Qxf7 Bb7 22. Bf5 Rd8 23. Qxh7 b3 24. axb3 Qxb3 25. Rc2 a5 26. h4 Bc8 27.
Qg6 Bd4 28. Qh6 d6 29. Bg6 Qb4 30. Qc1 Kb6 31. h5 f5 32. g3 Ba6 33. Kg2 Rc8 34.
Qf4 Rxc4 35. Rxc4 Qxc4 36. Qxd6+ Ka7 37. Qd7+ Bb7 38. Bf7 Qe2 39. Qxf5 Qxb2 40.
h6 a4 0-1

[Event "Aeroflot Open 2012 B"]
[Site "Moscow"]
[Date "2012.02.13"]
[Round "7"]
[White "Mozharov, Mikhail"]
[Black "Gabuzyan, Hovhannes"]
[Result "0-1"]
[WhiteElo "2478"]
[BlackElo "2402"]
[PlyCount "76"]
[EventDate "2012.02.07"]
[EventType "swiss"]

1. e4 c5 2. Nf3 d6 3. d4 cxd4 4. Nxd4 Nf6 5. Nc3 a6 6. Be2 e5 7. Nb3 Be7 8. Bg5
Nbd7 9. a4 h6 10. Bxf6 Nxf6 11. Bc4 Qc7 12. Qd3 Bd7 13. Nd5 Nxd5 14. Bxd5 O-O
15. O-O Kh8 16. Nd2 Bc6 17. c3 Rac8 18. Rfd1 g6 19. Nf1 Kg7 20. Bxc6 bxc6 21.
Qxa6 f5 22. exf5 gxf5 23. Qe2 d5 24. b4 e4 25. b5 Bf6 26. Rac1 f4 27. bxc6 Qxc6
28. Qg4+ Kh8 29. Qh5 Bg7 30. Qxd5 Qxa4 31. c4 Rce8 32. c5 e3 33. fxe3 fxe3 34.
Ng3 e2 35. Re1 Qf4 36. Qc4 Bd4+ 37. Kh1 Re5 38. Rxe2 Rxc5 0-1

[Event "Aeroflot Open 2012 B"]
[Site "Moscow"]
[Date "2012.02.13"]
[Round "7"]
[White "Kopylov, Alexander A"]
[Black "Rychagov, Andrey"]
[Result "1-0"]
[WhiteElo "2440"]
[BlackElo "2542"]
[PlyCount "91"]
[EventDate "2012.02.07"]
[EventType "swiss"]

1. d4 d5 2. c4 c6 3. g3 Nf6 4. Bg2 dxc4 5. Na3 e5 6. Nxc4 Qxd4 7. Qxd4 exd4 8.
Nf3 Be6 9. Na5 Bb4+ 10. Bd2 Bxa5 11. Bxa5 Bd5 12. Rc1 Nbd7 13. O-O c5 14. e3
dxe3 15. Rfe1 O-O 16. Rxe3 Rfe8 17. Rd3 Be4 18. Rd6 Bc6 19. Rcd1 Nf8 20. Nh4
Bxg2 21. Kxg2 Re2 22. Nf5 Ne6 23. Kf1 Rc2 24. R6d2 Rxd2 25. Rxd2 Kf8 26. Bc3
Rd8 27. Rxd8+ Nxd8 28. Bxf6 gxf6 29. Ke2 Ke8 30. Kd3 Kd7 31. Kc4 Ne6 32. Nh6
Kc6 33. a4 b6 34. Ng8 Ng5 35. Nxf6 Nf3 36. h4 Ne5+ 37. Kc3 h6 38. Ng8 Kd6 39.
Nxh6 Ke6 40. f4 Nc6 41. g4 Nd4 42. Kc4 a6 43. b4 Nf3 44. bxc5 bxc5 45. h5 Ne1
46. Nf5 1-0

[Event "Aeroflot Open 2012 B"]
[Site "Moscow"]
[Date "2012.02.13"]
[Round "7"]
[White "Artemiev, Vladislav"]
[Black "Rogozenco, Dorian"]
[Result "1-0"]
[WhiteElo "2439"]
[BlackElo "2539"]
[PlyCount "107"]
[EventDate "2012.02.07"]
[EventType "swiss"]

1. c4 c5 2. Nf3 Nc6 3. Nc3 g6 4. e3 Bg7 5. d4 d6 6. d5 Na5 7. Bd3 Nf6 8. h3 O-O
9. e4 e5 10. Bg5 Qd7 11. Nd2 Ne8 12. g4 Bf6 13. Be3 Ng7 14. Rg1 Qd8 15. Nf1 Bg5
16. Qd2 Bxe3 17. Qxe3 a6 18. Nd2 Rb8 19. b3 Bd7 20. f4 exf4 21. Qxf4 Qe7 22. a4
f5 23. Qe3 Qe5 24. Be2 fxg4 25. hxg4 Rf4 26. Bd1 Rbf8 27. Be2 g5 28. O-O-O Be8
29. Kc2 Bg6 30. Rdf1 h5 31. Rxf4 Rxf4 32. gxh5 Nf5 33. Qd3 Nd4+ 34. Kd1 Nxe2
35. Nxe2 Bxh5 36. Kc2 Rf7 37. Qe3 Rg7 38. Nc1 g4 39. Nd3 Qh2 40. Nf4 Bf7 41.
Qg3 Qh6 42. Nd3 Be8 43. Nf2 Bd7 44. Rh1 Qf6 45. Nd3 b5 46. axb5 axb5 47. e5
dxe5 48. Ne4 Qe7 49. d6 Qe6 50. Qh4 bxc4 51. Qh8+ Kf7 52. Rf1+ Kg6 53. Ndxc5
cxb3+ 54. Kb1 1-0

[Event "Aeroflot Open 2012 B"]
[Site "Moscow"]
[Date "2012.02.13"]
[Round "7"]
[White "Minasian, Artashes"]
[Black "Baghdasaryan, Vahe"]
[Result "1-0"]
[WhiteElo "2525"]
[BlackElo "2393"]
[PlyCount "79"]
[EventDate "2012.02.07"]
[EventType "swiss"]

1. Nf3 c5 2. b3 Nc6 3. Bb2 d6 4. c4 e5 5. Nc3 f5 6. e4 Nf6 7. Bd3 f4 8. g3 Bg4
9. gxf4 Nh5 10. Nd5 Nb4 11. Nxb4 Nxf4 12. Rg1 h5 13. Bf1 cxb4 14. d4 g6 15.
dxe5 Bg7 16. c5 dxe5 17. Bb5+ Ke7 18. Qxd8+ Rhxd8 19. Nxe5 Bf6 20. Rg3 Rac8 21.
c6 bxc6 22. Ba6 Rc7 23. Rb1 g5 24. Nxg4 Bxb2 25. Rxb2 hxg4 26. Rxg4 Rcd7 27.
Be2 Kf6 28. Rc2 Rd6 29. h4 Rh8 30. hxg5+ Ke5 31. Rc5+ Kd4 32. Rc4+ Ke5 33. Rg1
Rhd8 34. g6 Nxg6 35. Rg5+ Kf6 36. f4 Ke7 37. e5 Re6 38. Rxb4 Rh8 39. Bg4 Rh1+
40. Kf2 1-0

[Event "Aeroflot Open 2012 B"]
[Site "Moscow"]
[Date "2012.02.13"]
[Round "7"]
[White "Garcia, Jan Emmanuel"]
[Black "Bakre, Tejas"]
[Result "1/2-1/2"]
[WhiteElo "2409"]
[BlackElo "2509"]
[PlyCount "42"]
[EventDate "2012.02.07"]
[EventType "swiss"]

1. c4 e6 2. Nc3 d5 3. cxd5 exd5 4. d4 c6 5. Qc2 g6 6. Bf4 Bd6 7. Bxd6 Qxd6 8.
e3 Bf5 9. Bd3 Bxd3 10. Qxd3 Nf6 11. Nf3 O-O 12. O-O Nbd7 13. Nd2 Rfe8 14. Rfe1
Rad8 15. Rad1 Ng4 16. g3 f5 17. f3 Ngf6 18. Re2 b5 19. Nb3 Qb4 20. Rc1 Re6 21.
Nd1 Rde8 1/2-1/2

[Event "Aeroflot Open 2012 B"]
[Site "Moscow"]
[Date "2012.02.13"]
[Round "7"]
[White "Lalith, Babu M.R"]
[Black "Aldokhin, Ivan"]
[Result "1-0"]
[WhiteElo "2484"]
[BlackElo "2376"]
[PlyCount "87"]
[EventDate "2012.02.07"]
[EventType "swiss"]

1. Nf3 Nf6 2. c4 g6 3. Nc3 d5 4. d4 Bg7 5. cxd5 Nxd5 6. Qb3 Nb6 7. Bf4 O-O 8.
e3 Be6 9. Qa3 Nc6 10. Bb5 Nd5 11. Bg3 Ncb4 12. Rc1 c6 13. Be2 a5 14. O-O b5 15.
Ng5 Bd7 16. Nxd5 Nxd5 17. Ne4 a4 18. Qc5 a3 19. b3 Qa5 20. Nc3 e6 21. e4 Nb4
22. Rfd1 Rfd8 23. Bd6 Na6 24. Qg5 h6 25. Qf4 Be8 26. e5 Nb4 27. Bxb4 Qxb4 28.
Ne4 Ra7 29. Bf3 g5 30. Nf6+ Kh8 31. Qe3 Qe7 32. Ne4 Rad7 33. Nc5 Rc7 34. Ne4
Rcd7 35. Rd2 Qb4 36. Rcd1 Qe7 37. h4 g4 38. Bxg4 Qxh4 39. Bf3 Rc7 40. g3 Qe7
41. Kg2 Kg8 42. Qf4 Qb4 43. d5 Kf8 44. d6 1-0

[Event "Aeroflot Open 2012 B"]
[Site "Moscow"]
[Date "2012.02.13"]
[Round "7"]
[White "Tunik, Gennady"]
[Black "Pavlov, Sergey"]
[Result "1-0"]
[WhiteElo "2406"]
[BlackElo "2477"]
[PlyCount "95"]
[EventDate "2012.02.07"]
[EventType "swiss"]

1. d4 Nf6 2. c4 e6 3. Nc3 d5 4. cxd5 exd5 5. Bg5 Bb4 6. e3 c6 7. Qc2 Nbd7 8.
Bd3 Nf8 9. Nge2 Ng6 10. O-O O-O 11. f3 h6 12. Bxf6 Qxf6 13. e4 Nf4 14. e5 Qg5
15. Nxf4 Qxf4 16. Qf2 Bxc3 17. bxc3 f6 18. g3 Qg5 19. f4 Qh5 20. f5 fxe5 21.
dxe5 g6 22. f6 Bh3 23. f7+ Kh7 24. Qf6 Bxf1 25. Rxf1 Qg5 26. Qxg5 hxg5 27. Rf6
Kg7 28. Bxg6 Rh8 29. Rd6 Rad8 30. Rxd8 Rxd8 31. e6 Kf6 32. Bf5 d4 33. cxd4 Ke7
34. g4 Rxd4 35. h4 gxh4 36. Kh2 c5 37. Kh3 c4 38. Kxh4 c3 39. Kg5 Rd8 40. Kg6
b5 41. Kg7 a5 42. g5 a4 43. g6 Rb8 44. Kh7 c2 45. Bxc2 Kxe6 46. Kg7 Ke7 47. Bd1
Rd8 48. a3 1-0

[Event "Aeroflot Open 2012 B"]
[Site "Moscow"]
[Date "2012.02.13"]
[Round "7"]
[White "Ismagambetov, Anuar"]
[Black "Firat, Burak"]
[Result "0-1"]
[WhiteElo "2476"]
[BlackElo "2396"]
[PlyCount "74"]
[EventDate "2012.02.07"]
[EventType "swiss"]

1. d4 Nf6 2. c4 g6 3. g3 Bg7 4. Bg2 d5 5. cxd5 Nxd5 6. Nf3 Nb6 7. Nc3 Nc6 8. e3
O-O 9. O-O Re8 10. Re1 a5 11. Qe2 e5 12. dxe5 Nxe5 13. Nxe5 Bxe5 14. e4 Be6 15.
f4 Bxc3 16. bxc3 Bd5 17. Qf2 Bc6 18. Ba3 Na4 19. Qd4 b5 20. Re3 Qxd4 21. cxd4
f5 22. e5 Bxg2 23. Kxg2 b4 24. Bc1 Red8 25. Rd3 Rd5 26. Be3 c5 27. Kf3 Rad8 28.
Ke2 cxd4 29. Bd2 Nc5 30. Rf3 Ne4 31. Rb3 Rc8 32. Be1 Rc2+ 33. Kd3 Rxh2 34. Kc4
Rd8 35. a3 a4 36. Rd3 Rc2+ 37. Kb5 Rb8+ 0-1

[Event "Aeroflot Open 2012 B"]
[Site "Moscow"]
[Date "2012.02.13"]
[Round "7"]
[White "Sundararajan, Kidambi"]
[Black "Karavade, Eesha"]
[Result "1/2-1/2"]
[WhiteElo "2474"]
[BlackElo "2354"]
[PlyCount "90"]
[EventDate "2012.02.07"]
[EventType "swiss"]

1. c4 Nf6 2. g3 g6 3. Bg2 d5 4. cxd5 Nxd5 5. Nc3 Nxc3 6. bxc3 Bg7 7. Nf3 O-O 8.
O-O c5 9. Qa4 Bd7 10. Qh4 Bc6 11. d4 cxd4 12. cxd4 Bxf3 13. Bxf3 Nc6 14. e3 e5
15. Qxd8 Rfxd8 16. dxe5 Bxe5 17. Rb1 Rab8 18. a4 Na5 19. Rb5 Bc3 20. Rc5 Bb4
21. Rd5 Nb3 22. Rfd1 Rxd5 23. Bxd5 Nxc1 24. Rxc1 Bd6 25. Rd1 Be7 26. Rc1 Bd6
27. e4 Kf8 28. f4 f6 29. Kg2 Ke7 30. Kf3 b6 31. h4 h5 32. Rc6 Rf8 33. Ke2 Kd7
34. Kf3 g5 35. Rc2 g4+ 36. Ke3 Ke7 37. Kd3 Kd7 38. Bb7 a5 39. Bc6+ Ke7 40. Kc4
Rd8 41. Re2 Bc5 42. Bd5 Rc8 43. Kb5 Bg1 44. Bc6 Rd8 45. Bd5 Rc8 1/2-1/2